LEADER 01284nam a2200277 i 4500 001 000000036710 003 CaOOAMICUS 005 20240613144530.0 008 070521s1982 it u000 u ita u 040 $aSeMil$bita 100 1 $aShaw, George Bernard,$d<1856-1950>.$0(OLS)http://semarc/name/8634 245 13$aLa miliardaria ; Il giudizio universale ; I sei di Calais /$cGeorge Shaw Bernard ; traduzione di Paola Ojetti ; introduzione di Paolo Bertinetti. 264 1$a[Milano] :$bArnoldo Mondadori Editore,$c1982. 300 $a229 p. ;$c19 cm. 490 1 $aGli Oscar Mondadori. Poesia e teatro ;$v1496 490 1 $aOscar Mondadori 700 1 $aBertinetti, Paolo,$d<1944- >.$0(OLS)http://semarc/name/17214 700 1 $aOjetti, Paola.$0(OLS)http://semarc/name/17360 830 0$aOscar. Poesia e teatro ;$v1496.$0(OLS)http://semarc/title/8469 830 0$aOscar.$0(OLS)http://semarc/title/8669 850 $aSeMil 852 $aSeMil$W1$xVenegono$y1$m1O I 94$j2865$B2865$CSeMilBibl$Z2$F2865 $81 961 $aOmaggio: Agenzia internazionale 996 $6245$aLa miliardaria ; Il giudizio universale ; I sei di Calais$9(OLS)http://semarc/title/50987 996 $6264$a[Milano] :$bArnoldo Mondadori Editore$9(OLS)http://semarc/publisher/29634 LEADER 00987nam a2200241 i 4500 001 000000189293 003 CaOOAMICUS 005 20150213000000.0 008 150213s1939 it u000 u ita u 013 $a167566 040 $aSeMil$bita 100 1 $aAbba, Giuseppe Cesare,$d<1838-1910>.$0(OLS)http://semarc/name/14380 245 10$aDa Quarto al Volturno :$bnoterelle d'uno dei mille /$cGiuseppe Cesare Abba ; con introduzione e note di Lorenzo Bianchi. 260 $aBologna :$bZanichelli,$c1939. 300 $a315 p. ;$c19 cm. 500 $aFondo card. Giovanni Colombo. 700 1 $aBianchi, Lorenzo.$0(OLS)http://semarc/name/44840 850 $aSeMil 852 $aSeMil$W1$xVenegono$y1$m3GC V 174$j139924$B139924$CSeMilBibl$Z2$F151527 $8B 941 1 $a3 961 $aLascito: Colombo Card. Giovanni 996 $6245$aDa Quarto al Volturno :$bnoterelle d'uno dei mille$9(OLS)http://semarc/title/272545 996 $6260$aBologna :$bZanichelli$9(OLS)http://semarc/publisher/29934